№ 1-5, 7-12; Вестник информаций

গ্রন্থ-পঞ্জীর বিবরন
Parent link:Вестник информаций: научный журнал. № 1-5, 7-12.— , 1953-1957
ভাষা:রুশ
প্রকাশিত: 1955
বিন্যাস: গ্রন্থ
KOHA link:https://koha.lib.tpu.ru/cgi-bin/koha/opac-detail.pl?biblionumber=501723

MARC

LEADER 00000nam2a2200000 4500
001 501723
005 20231101102211.0
035 |a (RuTPU)RU\TPU\prd\172229 
035 |a RU\TPU\prd\172227 
090 |a 501723 
100 |a 20130325b1955 k y0rusy50 ca 
101 0 |a rus 
102 |a RU 
200 0 |a № 1-5, 7-12 
210 |d 1955 
461 1 |0 (RuTPU)RU\TPU\prd\52  |t Вестник информаций  |o научный журнал  |v № 1-5, 7-12  |d 1953-1957 
801 0 |a RU  |b 63413507  |c 20010227  |g PSBO 
801 1 |a RU  |b 63413507  |c 20130325 
801 2 |a RU  |b 63413507  |c 20130325  |g RCR 
942 |c BK 
999 |a НТБ_ТПУ  |b НФ  |e -4/20130109  |p П-5471  |u 0,00  |v 1  |x 10017